[Event "ROM-chT Blitz"]
[Site "Sebes"]
[Date "2022.12.04"]
[Round "5.28"]
[White "Simina, Andrei Petru"]
[Black "Stefan, Iulia Cristiana"]
[Result "0-1"]
[WhiteElo "1033"]
[BlackElo "1662"]
[PlyCount "72"]
[EventDate "2022.12.04"]
[EventType "team-swiss (blitz)"]
[EventRounds "8"]
[EventCountry "ROU"]
[SourceTitle "CBM 211 Extra"]
[Source "ChessBase"]
[SourceDate "2023.01.31"]
[SourceVersion "1"]
[SourceVersionDate "2023.01.31"]
[SourceQuality "1"]
[WhiteTeam "Alba Iulia Unirea III"]
[BlackTeam "Cugir CSO"]
[WhiteTeamCountry "ROU"]
[BlackTeamCountry "ROU"]

1. d4 d6 2. Nc3 g6 3. Nf3 Bg7 4. b3 Nf6 5. Bb2 0-0 6. e3 Nbd7 7. Bc4 e5 8. dxe5 dxe5 9. 0-0 c6 10. a4 a5 11. Na2 Qc7 12. Nc1 h6 13. Nd3 e4 14. Nde5 exf3 15. Nxd7 Nxd7 16. Bxg7 Kxg7 17. Qxf3 Ne5 18. Qe4 Nxc4 19. Qxc4 Be6 20. Qd4+ Kg8 21. Qh4 Kg7 22. Qd4+ Kh7 23. Rad1 Rad8 24. Qa7 Ra8 25. Qd4 Rfd8 26. Qc3 Rxd1 27. Rxd1 Rd8 28. Rxd8 Qxd8 29. h3 Qd5 30. Qe1 Bf5 31. Qe2 Qc5 32. c4 Qd6 33. Qe1 Qb4 34. Qb1 Bxb1 35. Kh2 Qxb3 36. f4 Qxa4 0-1